000 00293nam a2200121Ia 4500
008 190802s9999 xx 000 0 und d
020 _a978-969-494-490-6
100 _aShahid Siddiqui
245 0 _aRethinking
260 _aKarachi
_bParamount Publishing
_c2007
300 _a198:p
942 _cBK
999 _c2460
_d2460